000 00253nam a2200097Ia 4500
001 1075978
005 20250827002248.0
008 250824s9999 xx 000 0 und d
245 0 _aBİTMEMİŞ İNŞA
_cAHMET MELİH KARAUĞUZ
260 _bKETEBE YAYINLARI
999 _c1075978
_d1075978